000 00488nam a2200169 i 4500
001 40787
003 ES-MaACL
005 20230906160316.0
007 t|
008 030307s1887 fr ||||1| fre d
100 1 _aCarette, Albert.
_935230
245 1 3 _aLa République et le régime parlamentaire /
_cAlbert Carette.
260 _aParis :
_bDentu,
_c1887 (
_fAentu)
300 _aIII, 62 p. ;
_c25 cm.
651 4 _aFrancia-
_xPolítica y gobierno.
_98706
852 _aES-MaACL
_jT-505-F-4
999 _c40787
_d40787